LEADER 01133nam a2200277 i 4500 001 991001537199707536 008 120111s1995 it aaa 001 0 ita d 020 $a8820724545 035 $ab14030214-39ule_inst 040 $aDip.to SSC$bita 082 0 $a747.797 100 1 $aBassanini, Gisella$011153 245 10$aArchitetture del quotidiano :$bLa stanza delle sculture radiose: La casa del qui e ora /$cGisella Bassanini, Giovanna Brancato ... [et al.] ; a cura di Gisella Bassanini ; presentazione di Ida Faré 260 $aNapoli :$bLiguori,$c1995 300 $aix, 252 p. :$b20 ill. f.t. ;$c22 cm 440 0$aStrumenti 650 4$aAbitazioni 650 4$aCucine$xArredamento$xStoria 700 1 $aBrancato, Giovanna$eauthor$4http://id.loc.gov/vocabulary/relators/aut$0731883 700 1 $aFaré, Ida 907 $a.b14030214$b02-04-14$c11-01-12 912 $a991001537199707536 945 $aLE021 SOC26F9$g1$i2021000167416$lle021$o-$pE23.52$q-$rl$s- $t0$u0$v0$w0$x0$y.i15364306$z11-01-12 996 $aArchitetture del quotidiano$91441984 997 $aUNISALENTO 998 $ale021$b11-01-12$cm$da $e-$fita$git $h0$i0 LEADER 01639nas 2200589-a 450 001 996198571603316 005 20230522213016.0 011 $a1612-4790 035 $a(DE-599)ZDB2075054-7 035 $a(OCoLC)54530763 035 $a(CKB)111084892763004 035 $a(CONSER)--2007233745 035 $a(EXLCZ)99111084892763004 100 $a20040304a20009999 s-- a 101 0 $aeng 135 $aurbn||||||abp 135 $aurbn||||||ada 181 $ctxt$2rdacontent 182 $cc$2rdamedia 183 $acr$2rdacarrier 200 00$aCognitive processing 210 $aLengerich $cPabst Science 210 31$aHeidelburg :$cSpringer Verlag 215 $a1 online resource 300 $aRefereed/Peer-reviewed 300 $a"International quarterly of cognitive science." 311 $a1612-4782 531 $aCOGN PROCESS 531 $aCOGN. PROCESS 531 0 $aCogn. process. 606 $aCognition$vPeriodicals 606 $aCognition$xphysiology 606 $aCognition$vPériodiques 606 $aCognition$2fast$3(OCoLC)fst00866457 606 $aKognitionswissenschaft$2gnd 606 $aPsychologie$2gtt 608 $aPeriodicals.$2fast 608 $aPeriodicals.$2lcgft 608 $aZeitschrift$2swd 608 $aOnline-Publikation$2swd 610 $aPsychology 615 0$aCognition 615 12$aCognition$xphysiology. 615 6$aCognition 615 7$aCognition. 615 7$aKognitionswissenschaft 615 17$aPsychologie. 676 $a153 906 $aJOURNAL 912 $a996198571603316 996 $aCognitive processing$91413748 997 $aUNISA